Statistics for 2018 NBA Draft Quiz

Click here to take the quiz!

General Stats

  • This quiz has been taken 6 times
  • The average score is 12 of 20

Answer Stats

Pick #Team Drafted ByPlayer% Correct
8CLECollin Sexton
100%
1PHODeandre Ayton
100%
3ATLLuka Doncic
100%
5DALTrae Young
100%
4MEMJaren Jackson Jr.
83%
2SACMarvin Bagley III
83%
7CHIWendall Carter Jr.
83%
10PHIMikal Bridges
67%
12LACMiles Bridges
67%
6ORLMo Bamba
67%
9NYKKevin Knox
50%
14DENMichael Porter Jr.
50%
11CHOShai Gilgeous-Alexander
50%
13LACJerome Robinson
33%
20MINJosh Okogie
33%
19ATLKevin Huerter
33%
15WASTroy Brown Jr.
33%
17MILDonte DiVincenzo
17%
18SASLonnie Walker IV
17%
16PHOZhaire Smith
17%

Score Distribution

Percentile by Number Answered

Percent of People with Each Score

Your Score History

You have not taken this quiz